000 00638nam a2200241 4500
001 2789
003 http://id.bnportugal.gov.pt/bib/porbase/1288638
010 _a9728835019
021 _aPT
_b197359/03
035 _a(bn)1288638
090 _a2789
100 _a20040730d2003 m y0pory5003 ba
105 _ay z 001yy
106 _ar
200 1 _aPorque viajas tanto?
_fAura Miguel
205 _a3<U+00AA> ed
210 _aS. João do Estoril
_cLucerna,
_d2003
215 _a263 p.
_d23 cm
_e1 CD em bolsa de reguardo
600 _aAura Miguel
601 _aLucerna
675 _a262.13(042.3)
_vBN
_zpor
700 1 _aMiguel,
_bAura
942 _cBK